[Event "Mechanics' Peter Grey TNM; G/2 d5"]
[Site "San Francisco"]
[Date "2017.08.22"]
[Round "3.18"]
[White "Liang, Ting"]
[Black "Goins, Demetrius"]
[Result "0-1"]
[WhiteElo "1559"]
[BlackElo "2144"]
[PlyCount "66"]
[EventDate "2017.??.??"]

1. c4 e5 2. Nc3 Nc6 3. e3 Nf6 4. Nge2 Be7 5. d4 exd4 6. exd4 d5 7. cxd5 Nxd5 8.
g3 Nxc3 9. Nxc3 Qxd4 10. Be3 Qxd1+ 11. Rxd1 Bg4 12. Be2 Bxe2 13. Kxe2 Bd6 14.
Nb5 O-O-O 15. Nxa7+ Nxa7 16. Bxa7 b6 17. Rd4 Kb7 18. Bxb6 cxb6 19. Rhd1 Bc7 20.
Rd7 Kc6 21. R7d3 Rxd3 22. Kxd3 Rd8+ 23. Ke2 Rxd1 24. Kxd1 Kd5 25. f3 Kd4 26.
Kd2 g5 27. Ke2 h5 28. Kd2 Be5 29. b3 f6 30. a3 f5 31. a4 Bd6 32. Kc2 Bxg3 33.
hxg3 h4 0-1

[Event "Mechanics' Peter Grey TNM; G/2 d5"]
[Site "San Francisco"]
[Date "2017.10.03"]
[Round "9.9"]
[White "Liang, Ting"]
[Black "Khristoforov, Sergey"]
[Result "0-1"]
[WhiteElo "1559"]
[BlackElo "1940"]
[Annotator "Donaldson"]
[PlyCount "86"]
[EventDate "2017.??.??"]

1. c4 c6 2. d4 d5 3. Nc3 Nf6 4. Bf4 e6 5. c5 Nbd7 6. Nf3 b6 7. b4 a5 8. a3 Ba6
9. b5 Bb7 10. Qa4 Rc8 11. cxb6 Nxb6 12. Qd1 cxb5 13. Nxb5 Nc4 14. e3 Ba6 15.
Qa4 Bxb5 16. Qxb5+ Qd7 17. Bxc4 Rxc4 18. Qxd7+ Nxd7 19. O-O f6 20. Rfc1 Be7 21.
Nd2 Rxc1+ 22. Rxc1 O-O 23. Rc7 Rd8 $11 24. Nb3 Rb8 25. h3 (25. Nd2) (25. Rxd7
Rxb3 26. g4 Bxa3 27. Ra7) 25... Rxb3 26. a4 Bb4 27. Rxd7 Ra3 28. Bd6 Rxa4 29.
Bxb4 Ra1+ 30. Kh2 axb4 31. Rb7 Rb1 32. Kg3 b3 33. Kf3 b2 34. g3 h5 35. h4 Kh7
36. Ke2 Kg6 37. Kd2 Rf1 38. Rxb2 Rxf2+ 39. Kc3 Rxb2 40. Kxb2 Kf5 41. Kc2 Kg4
42. Kd3 Kxg3 43. e4 Kxh4 0-1

[Event "Mechanics' Spring TNM; G/2"]
[Site "San Francisco"]
[Date "2017.04.11"]
[Round "5.31"]
[White "Liang, Ting"]
[Black "Lesquillier, Walter"]
[Result "0-1"]
[WhiteElo "1484"]
[BlackElo "1720"]
[PlyCount "78"]
[EventDate "2017.??.??"]

1. c4 c6 2. Nc3 d5 3. cxd5 cxd5 4. d4 Nf6 5. Bf4 Nc6 6. Nf3 e6 7. a3 Be7 8. e3
a6 9. Bd3 O-O 10. O-O h6 11. Qc2 Nh5 12. Be5 f6 13. Bh7+ Kh8 14. Bg6 fxe5 15.
dxe5 Nf6 16. exf6 Bxf6 17. Rad1 Bxc3 18. bxc3 Qf6 19. Nd4 e5 20. Nxc6 bxc6 21.
Bh5 Bf5 22. Qa4 Qg5 23. Be2 Bh3 24. g3 Qf6 25. f4 Bxf1 26. Rxf1 exf4 27. c4 Qe6
28. Rxf4 Qxe3+ 29. Kf1 Rxf4+ 30. gxf4 Qxf4+ 31. Ke1 Qc1+ 32. Qd1 Qxd1+ 33. Kxd1
dxc4 34. Bxc4 Rd8+ 35. Ke2 Rd4 36. Bxa6 Ra4 37. Bb7 c5 38. Kd3 Rxa3+ 39. Kc4
Rh3 0-1

[Event "Mechanics' Peter Grey TNM; G/2 d5"]
[Site "San Francisco"]
[Date "2017.09.05"]
[Round "5.37"]
[White "Liang, Ting"]
[Black "Otterbach, Renate"]
[Result "1-0"]
[WhiteElo "1559"]
[BlackElo "1264"]
[PlyCount "63"]
[EventDate "2017.??.??"]

1. c4 e5 2. Nc3 Nf6 3. g3 Bc5 4. e3 d6 5. Bg2 Nc6 6. Nge2 a6 7. O-O Bd7 8. d4
exd4 9. exd4 Ba7 10. Re1 O-O 11. Nd5 Rb8 12. Bg5 Bf5 13. b4 Be6 14. b5 Bxd5 15.
Bxd5 Nb4 16. Nf4 Nbxd5 17. Nxd5 axb5 18. Nxf6+ gxf6 19. Bh6 f5 20. Bxf8 Kxf8
21. cxb5 Qf6 22. d5 Bd4 23. Rc1 Bb6 24. Rc4 Qb2 25. Re2 Qf6 26. Qe1 Kg7 27. a4
Ra8 28. g4 f4 29. Ree4 f3 30. Rf4 Qh4 31. Rxf3 Kf8 32. Rcf4 1-0

[Event "Mechanics' Spring TNM; G/2"]
[Site "San Francisco"]
[Date "2017.03.14"]
[Round "1.16"]
[White "Liang, Ting"]
[Black "Sevall, Jacob"]
[Result "1/2-1/2"]
[WhiteElo "1484"]
[BlackElo "2048"]
[PlyCount "128"]
[EventDate "2017.??.??"]

1. c4 b6 2. d4 Bb7 3. d5 Nf6 4. Nc3 e6 5. Bg5 Bb4 6. e4 h6 7. Bxf6 Qxf6 8. Qf3
Qe7 9. Nge2 Na6 10. a3 Bxc3+ 11. Nxc3 exd5 12. cxd5 Nc5 13. Be2 O-O 14. O-O
Rae8 15. Bd3 Nb3 16. Rad1 Nd4 17. Qf4 c5 18. dxc6 dxc6 19. Rfe1 Ne6 20. Qg3 Qg5
21. Bc4 c5 22. Rd7 Bc6 23. Qxg5 Nxg5 24. Rxa7 Nxe4 25. Nxe4 Rxe4 26. Rxe4 Bxe4
27. f3 Ba8 28. Kf2 Bc6 29. Rc7 Ba8 30. a4 g6 31. Ra7 Kg7 32. a5 bxa5 33. Rxa5
Rd8 34. b3 Kf6 35. Ra6+ Ke5 36. Bxf7 g5 37. Rxh6 Bd5 38. f4+ Kxf4 39. Bxd5 Rxd5
40. Rf6+ Ke4 41. Ke2 Kd4 42. Rf3 Ke4 43. Rc3 Re5 44. Kd2 Kf5 45. Rf3+ Kg6 46.
h3 Re4 47. Kd3 Rb4 48. Kc3 Re4 49. g3 g4 50. hxg4 Rxg4 51. Rd3 Kf6 52. Rd5
Rxg3+ 53. Kc4 Ke6 54. Rxc5 Kd6 55. b4 Rg1 56. Kb5 Rg8 57. Ka6 Rb8 {Diagram [#]}
58. Rb5 $2 (58. Rc4 $1) 58... Ra8+ 59. Kb7 Rh8 60. Rb6+ Kd5 61. b5 Kc5 62. Ka7
Ra8+ 63. Kxa8 Kxb6 64. Kb8 Kxb5 1/2-1/2

[Event "Mechanics' Peter Grey TNM; G/2 d5"]
[Site "San Francisco"]
[Date "2017.10.03"]
[Round "9.8"]
[White "Lum, Michael K"]
[Black "Boldi, Ethan"]
[Result "0-1"]
[WhiteElo "1981"]
[BlackElo "1872"]
[PlyCount "36"]
[EventDate "2017.??.??"]

1. Nf3 d5 2. d4 e6 3. Bf4 Nf6 4. e3 c5 5. c3 Nc6 6. Bd3 Qb6 7. b3 Bd7 8. O-O
Nh5 9. Be5 Nxe5 10. Nxe5 Nf6 11. Nd2 cxd4 12. Nxd7 Nxd7 13. cxd4 Bd6 14. Nf3
Nf6 15. Rc1 O-O 16. Ne5 Rac8 17. Bb1 Rc7 18. f3 $4 Bxe5 0-1

[Event "Mechanics' Fall TNM; G/2 d5"]
[Site "San Francisco"]
[Date "2017.10.31"]
[Round "2.14"]
[White "Lum, Michael K"]
[Black "Cendejas, Juan"]
[Result "1/2-1/2"]
[WhiteElo "1970"]
[BlackElo "1688"]
[PlyCount "107"]
[EventDate "2017.??.??"]

1. d4 Nf6 2. Nf3 d5 3. e3 e6 4. Bd3 Bd6 5. O-O O-O 6. Nbd2 c5 7. dxc5 Bxc5 8.
e4 Nc6 9. e5 Ng4 10. Nb3 Be7 11. Re1 f6 12. exf6 Nxf6 13. Bg5 Qc7 14. c4 Nb4
15. cxd5 Nxd3 16. Qxd3 Nxd5 17. Bxe7 Nxe7 18. Ng5 Ng6 19. Nd4 Qf4 20. Ndf3 Qf5
21. Rad1 h6 22. Qxf5 exf5 23. Ne6 Bxe6 24. Rxe6 Kf7 25. Red6 Rfe8 26. Kf1 Ne5
27. R6d5 Kf6 28. Nxe5 Rxe5 29. Rxe5 Kxe5 30. Rd7 g5 31. Rxb7 h5 32. Ke2 f4 33.
g3 Kf5 34. Rb5+ Kg4 35. f3+ Kh3 36. gxf4 Kxh2 37. Rxg5 h4 38. f5 h3 39. f6 Rc8
40. f7 Rf8 41. Rg7 Kh1 42. Ke3 a5 43. Kf4 a4 44. Kf5 a3 45. bxa3 h2 46. Rh7 Ra8
47. Rg7 $2 Rxa3 48. f8=Q $4 Rxf3+ 49. Ke4 Rxf8 50. a4 $2 (50. Ke3 $8) 50... Ra8
$2 (50... Rf1 $1) 51. Kf3 Rxa4 52. Kf2 Ra2+ 53. Kf1 Ra1+ 54. Kf2 1/2-1/2

[Event "Mechanics' Peter Grey TNM; G/2 d5"]
[Site "San Francisco"]
[Date "2017.08.15"]
[Round "2.10"]
[White "Lum, Michael K"]
[Black "Cohee, James"]
[Result "1-0"]
[WhiteElo "1981"]
[BlackElo "1604"]
[Annotator "Donaldson"]
[PlyCount "113"]
[EventDate "2017.??.??"]

1. e4 c5 2. c3 d5 3. exd5 Qxd5 4. Na3 e6 5. Nf3 a6 6. Bc4 Qd8 7. O-O Nf6 8. Nc2
Nc6 9. d4 cxd4 10. Ncxd4 Nxd4 11. Nxd4 Be7 12. Qf3 O-O 13. Bb3 Qa5 14. Re1 Re8
15. Bf4 Qh5 16. Qd3 Bd7 17. Bg3 Rac8 18. a4 Qg6 19. Qxg6 hxg6 20. Rad1 Nh5 21.
Be5 Bf6 22. g3 Bxe5 23. Rxe5 Nf6 24. f3 Kf8 25. Kf2 Bc6 26. Nxc6 Rxc6 27. Re3
Ke7 28. Red3 Rc7 29. Bc2 Rec8 30. Re3 Rd8 31. Rxd8 Kxd8 32. Rd3+ Ke7 33. Rd2 a5
34. Bb3 b6 35. Ke3 Rd7 36. Rd4 Rxd4 37. Kxd4 Kd6 38. Kc4 Kc6 39. Bc2 Nd5 $2 (
39... g5) 40. Be4 f5 41. Bxd5+ exd5+ 42. Kd4 Kd6 43. f4 Kc6 44. b4 Kd6 45. bxa5
bxa5 46. c4 dxc4 47. Kxc4 Kc6 48. h3 Kd6 49. Kb5 Kd5 50. Kxa5 Ke4 51. Kb4 Kf3
52. a5 Kxg3 53. a6 Kxf4 54. a7 Kg3 55. a8=Q Kxh3 56. Qh1+ Kg3 57. Kc3 1-0

[Event "Mechanics' Peter Grey TNM; G/2 d5"]
[Site "San Francisco"]
[Date "2017.09.19"]
[Round "7.10"]
[White "Lum, Michael K"]
[Black "Kuczek, Kevin W"]
[Result "1/2-1/2"]
[WhiteElo "1981"]
[BlackElo "1826"]
[Annotator "Donaldson"]
[PlyCount "80"]
[EventDate "2017.??.??"]

1. Nf3 Nf6 2. c4 c6 3. Nc3 d5 4. d4 Bf5 $2 5. cxd5 cxd5 $2 (5... Nxd5 6. e3 $14
) 6. Qb3 b6 7. Bf4 (7. Bg5 e6 8. e4 $1 {
wins on the spot. See Yanofsky-Ross from round 6.}) 7... a6 8. e3 e6 9. Bxb8
Qxb8 {Diagram [#]} 10. Bxa6 $1 Bd6 11. Bb5+ Ke7 12. O-O g5 13. Be2 (13. Bc6 Ra6
14. Nb5 $18) 13... g4 14. Ne5 Bxe5 15. dxe5 Qxe5 16. Nb5 Ne4 17. Qb4+ Kf6 18.
Nd4 Qd6 19. Qe1 (19. Qb3 Nd2 $2 (19... Rhc8) 20. Nxf5 Qc7 21. Qb4 Nxf1 22. Nd6
Rhd8 23. Qf4+ Kg6 24. Bd3+) 19... h5 20. Nxf5 exf5 21. Bd3 h4 22. Bxe4 $2 (22.
f3 $1) 22... fxe4 $11 23. Qc3+ Qe5 24. Qc6+ Qe6 25. Qc3+ Qe5 26. Qb3 Qe6 27.
Rfd1 Rhd8 28. Rac1 Rac8 29. Kf1 Rxc1 30. Rxc1 Rd6 (30... d4 $11) 31. Qc3+ Qe5
32. Qxe5+ Kxe5 33. Ke2 f5 34. f3 $2 exf3+ $2 (34... gxf3+ 35. gxf3 Rg6 36. Kf2
h3 $19) 35. gxf3 g3 36. hxg3 hxg3 37. f4+ Ke4 38. Rc8 Re6 39. Rd8 g2 40. Rg8 d4
(40... g1=Q 41. Rxg1 Rh6 $17) 1/2-1/2

[Event "Mechanics' Peter Grey TNM; G/2 d5"]
[Site "San Francisco"]
[Date "2017.08.29"]
[Round "4.2"]
[White "Lum, Michael K"]
[Black "O'Connor, Derek"]
[Result "0-1"]
[WhiteElo "1981"]
[BlackElo "2300"]
[PlyCount "114"]
[EventDate "2017.??.??"]

1. e4 c6 2. d4 d5 3. exd5 cxd5 4. Nf3 Nf6 5. Ne5 Nc6 6. Bb5 Bd7 7. Nxd7 Nxd7 8.
O-O e6 9. c3 Bd6 10. Nd2 O-O 11. Nf3 Qc7 12. Be3 Nf6 13. Bd3 Ne4 14. Qc2 f5 15.
Bd2 Rac8 16. Rac1 Qf7 17. Qd1 Na5 18. b3 Nc6 19. Bb5 Qf6 20. Qe2 Ne7 21. Ne1
Ng6 22. f4 Rc7 23. Bd3 Rfc8 24. Bxe4 fxe4 25. g3 Ne7 26. Ng2 Nf5 27. Ne3 g6 28.
Rfd1 Rg7 29. Ng4 Qe7 30. Be3 h5 31. Ne5 Rf8 32. Kh1 Qe8 33. c4 a6 34. c5 Bxe5
35. dxe5 Qc6 36. Kg2 Rd8 37. Bd4 Nh6 38. h3 Rf8 39. Rf1 Nf5 40. Qd2 Rgf7 41.
Rfd1 h4 42. g4 Nxd4 43. Qxd4 Rxf4 44. Rf1 g5 45. Rxf4 Rxf4 46. Rf1 Qb5 47. Rf2
Qe8 48. Qb4 Qf7 49. Qd2 Kf8 50. Qd4 Rf3 51. b4 Qf4 52. c6 bxc6 53. Qc5+ Kf7 54.
Rxf3 Qxf3+ 55. Kg1 Qg3+ 56. Kh1 Qxh3+ 57. Kg1 Qxg4+ 0-1

[Event "Mechanics' Peter Grey TNM; G/2 d5"]
[Site "San Francisco"]
[Date "2017.09.05"]
[Round "5.5"]
[White "Lum, Michael K"]
[Black "Traub, Igor"]
[Result "0-1"]
[WhiteElo "1981"]
[BlackElo "2163"]
[PlyCount "70"]
[EventDate "2017.??.??"]

1. e4 c6 2. d4 d5 3. exd5 cxd5 4. Nf3 Nf6 5. Ne5 Nc6 6. Bb5 Bd7 7. Nxd7 Nxd7 8.
O-O e6 9. c4 a6 10. Ba4 Nb6 11. Bxc6+ bxc6 12. c5 Nd7 13. Nc3 Be7 14. Bf4 O-O
15. Re1 Re8 16. Rb1 Bf6 17. b4 e5 18. dxe5 Nxe5 19. Na4 Ra7 20. Nb6 Rae7 21.
Bxe5 Bxe5 22. Rf1 Bc7 23. Na4 Qb8 24. g3 Qb5 25. Qb3 h5 26. Nb2 h4 27. Qc3 hxg3
28. hxg3 Re4 29. Rbe1 Be5 30. Rxe4 Bxc3 31. Rxe8+ Kh7 32. a4 Qxb4 33. Nd3 Qxa4
34. Kg2 g5 35. Rh1+ Kg6 0-1

[Event "Mechanics' Spring TNM; G/2"]
[Site "San Francisco"]
[Date "2017.03.21"]
[Round "2.21"]
[White "MacIntyre, Brendan"]
[Black "Argo, Guy"]
[Result "0-1"]
[WhiteElo "1502"]
[BlackElo "1974"]
[PlyCount "54"]
[EventDate "2017.??.??"]

1. d4 e6 2. c4 b6 3. Nc3 Bb4 4. a3 Bxc3+ 5. bxc3 f5 6. Nf3 Nf6 7. Bg5 O-O 8. e3
Qe8 9. Bd3 Ne4 10. O-O Qg6 11. Bf4 d6 12. Bxe4 fxe4 13. Nd2 Bb7 14. Rb1 Nd7 15.
Rb5 Rf5 16. Rxf5 Qxf5 17. f3 exf3 18. Nxf3 Nf6 19. Nh4 Qa5 20. Bg3 Rf8 21. Qb3
Ne4 22. Qb4 Qg5 23. Nf3 Qxe3+ 24. Kh1 Nxc3 25. Bf2 {Diagram [#]} Qxf3 26. gxf3
Bxf3+ 27. Kg1 Ne2# 0-1

[Event "Mechanics' Winter TNM; G/2"]
[Site "San Francisco"]
[Date "2017.02.07"]
[Round "6.37"]
[White "MacIntyre, Brendan"]
[Black "Crofts, Jacob"]
[Result "0-1"]
[WhiteElo "1502"]
[BlackElo "1380"]
[PlyCount "66"]
[EventDate "2017.??.??"]

1. d4 Nf6 2. c4 e6 3. Nc3 Bb4 4. Nf3 b6 5. Bg5 Ba6 6. e3 O-O 7. Bd3 Bb7 8. O-O
Be7 9. e4 d5 10. cxd5 Nxd5 11. exd5 Bxg5 12. Nxg5 Qxg5 13. Ne4 Qxd5 14. Qg4 f5
15. Nc3 fxg4 16. Nxd5 Bxd5 17. b3 Nd7 18. Rac1 c6 19. Ba6 b5 20. Bb7 Rae8 21.
Bxc6 Bxc6 22. Rxc6 Nb8 23. Rd6 Rf6 24. Re1 Kf7 25. Re5 h6 26. h3 gxh3 27. g3 g5
28. Re4 h5 29. Re5 a6 30. Rxg5 Ke7 31. Rb6 Ref8 32. Re5 Nd7 33. Rb7 Rxf2 0-1

[Event "Mechanics' Fall TNM; G/2 d5"]
[Site "San Francisco"]
[Date "2017.11.07"]
[Round "3.16"]
[White "MacIntyre, Brendan"]
[Black "Drane, Robert Will"]
[Result "1-0"]
[WhiteElo "1560"]
[BlackElo "1833"]
[PlyCount "83"]
[EventDate "2017.??.??"]

1. d4 f5 2. Nf3 Nf6 3. c4 e6 4. Nc3 Bb4 5. Bd2 O-O 6. e3 b6 7. Be2 Bb7 8. O-O
d6 9. Ng5 Qe7 10. Bf3 Bxf3 11. Nxf3 Nbd7 12. a3 Bxc3 13. Bxc3 e5 14. dxe5 dxe5
15. b4 Ne4 16. Bb2 Nef6 17. Qc2 e4 18. Nd4 Ng4 19. h3 Nge5 20. Ne2 Nd3 21. Nf4
N7e5 22. Bxe5 Nxe5 23. Qc3 Rae8 24. Rad1 Qg5 25. Kh1 Rf6 26. Rd5 Ng6 27. Qd2
Ne5 28. Rd8 Rff8 29. Qd5+ Kh8 30. Rxe8 Rxe8 31. Rd1 Qe7 32. Ne2 Nd3 33. Kg1 g6
34. Qc6 Rd8 35. Rf1 Rd6 36. Qb7 Qd7 37. Qxa7 Nb2 38. c5 Rd1 39. Nd4 Rxf1+ 40.
Kxf1 bxc5 41. Qxc5 Nd3 $4 42. Qf8# 1-0

[Event "Mechanics' Spring TNM; G/2"]
[Site "San Francisco"]
[Date "2017.04.18"]
[Round "6.31"]
[White "MacIntyre, Brendan"]
[Black "Dupree, Charles"]
[Result "0-1"]
[WhiteElo "1502"]
[BlackElo "1636"]
[PlyCount "108"]
[EventDate "2017.??.??"]

1. d4 Nf6 2. c4 e6 3. Nc3 Bb4 4. Nf3 b6 5. g3 Bb7 6. Bg2 Bxc3+ 7. bxc3 O-O 8.
O-O d6 9. Bg5 Nbd7 10. Re1 h6 11. Bf4 Ne4 12. Qc2 f5 13. Nd2 Ndf6 14. f3 Ng5
15. Bxg5 hxg5 16. e4 f4 17. e5 dxe5 18. Rxe5 fxg3 19. Rxg5 gxh2+ 20. Kh1 Qd6
21. Qg6 Rf7 22. Re5 c5 23. f4 Bxg2+ 24. Qxg2 Raf8 25. Rae1 cxd4 26. Rxe6 Qxf4
27. Rf1 Qg4 28. Qxg4 Nxg4 29. Rxf7 Rxf7 30. cxd4 Rf4 31. d5 Rd4 32. Re2 Kf7 33.
Kg2 Kg6 34. Re6+ Kf5 35. Re2 Rf4 36. Kh1 Rf2 37. Rxf2+ Nxf2+ 38. Kxh2 Nd3 39.
Nf3 Nb4 40. a4 Nd3 41. Nd4+ Kf6 42. Nc6 a6 43. a5 bxa5 44. Nxa5 Nc5 45. Nc6 g5
46. Kg3 Nb7 47. Kg4 a5 48. c5 a4 49. d6 Nxc5 50. Nd4 a3 51. Nc2 a2 52. Na1 Ne6
53. Nb3 Kf7 54. Kf5 Nd4+ 0-1

[Event "Mechanics' Peter Grey TNM; G/2 d5"]
[Site "San Francisco"]
[Date "2017.10.03"]
[Round "9.33"]
[White "MacIntyre, Brendan"]
[Black "Frank, Robert H"]
[Result "1-0"]
[WhiteElo "1519"]
[BlackElo "1243"]
[PlyCount "59"]
[EventDate "2017.??.??"]

1. d4 Nf6 2. c4 e6 3. Nc3 Bb4 4. e3 c5 5. Nf3 Ne4 6. Qc2 Qa5 7. Bd2 Nxd2 8.
Nxd2 cxd4 9. exd4 Bxc3 10. bxc3 O-O 11. Bd3 g6 12. O-O Nc6 13. Rfe1 a6 14. a4
d5 15. c5 Re8 16. f4 Bd7 17. Nf3 Ne7 18. Ne5 Qc7 19. Qf2 Kg7 20. Qh4 h5 21. Re3
Nf5 22. Bxf5 exf5 23. Rg3 Rh8 24. Qe7 Rhf8 25. Rxg6+ Kh7 26. Rg5 Qd8 27. Qxd7
Qxd7 28. Nxd7 Rg8 29. Nf6+ Kh8 30. Nxg8 1-0

[Event "Mechanics' Summer TNM; G/2 d5"]
[Site "San Francisco"]
[Date "2017.06.20"]
[Round "5.40"]
[White "MacIntyre, Brendan"]
[Black "Kim, Caden"]
[Result "1-0"]
[WhiteElo "1500"]
[BlackElo "1314"]
[PlyCount "43"]
[EventDate "2017.??.??"]

1. d4 d5 2. c4 dxc4 3. Nc3 Nf6 4. e3 e6 5. Bxc4 c5 6. Nf3 Nc6 7. O-O cxd4 8.
exd4 Be7 9. d5 exd5 10. Nxd5 Nxd5 11. Bxd5 Nb4 12. Bb3 Qxd1 13. Rxd1 O-O 14.
Bd2 Rd8 15. Bxb4 Rxd1+ 16. Rxd1 Bxb4 17. Rd8+ Bf8 18. Ba4 (18. Ng5) 18... b6
19. Bc6 Bb7 20. Rxa8 Bxc6 21. Rxa7 g6 22. Ne5 1-0

[Event "Mechanics' Peter Grey TNM; G/2 d5"]
[Site "San Francisco"]
[Date "2017.09.19"]
[Round "7.34"]
[White "MacIntyre, Brendan"]
[Black "Kondakova, Elena"]
[Result "1/2-1/2"]
[WhiteElo "1519"]
[BlackElo "1295"]
[PlyCount "50"]
[EventDate "2017.??.??"]

1. d4 Nf6 2. c4 g6 3. Nc3 Bg7 4. Nf3 d6 5. e3 O-O 6. Bd3 Nc6 7. a3 d5 8. O-O
Re8 9. cxd5 Nxd5 10. Bd2 e5 11. Nxd5 Qxd5 12. e4 Qd6 13. d5 Ne7 14. Bc4 c6 15.
Bb4 c5 16. Bc3 Bd7 17. b4 b5 18. Be2 c4 19. Ne1 f5 20. f3 Rac8 21. Nc2 a6 22.
Bd2 f4 23. g4 g5 24. Be1 Ng6 25. Bf2 Bf8 {
Drawn in a few moves. Remaining moves unavailable.} 1/2-1/2

[Event "Mechanics' Peter Grey TNM; G/2 d5"]
[Site "San Francisco"]
[Date "2017.09.05"]
[Round "5.15"]
[White "MacIntyre, Brendan"]
[Black "Marcus, Joel"]
[Result "0-1"]
[WhiteElo "1519"]
[BlackElo "1912"]
[PlyCount "92"]
[EventDate "2017.??.??"]

1. d4 d6 2. c4 c6 3. Nc3 Nf6 4. Nf3 Bg4 5. e3 Nbd7 6. Be2 e5 7. h3 Bh5 8. O-O
Be7 9. b3 O-O 10. Nh4 Bg6 11. Nxg6 hxg6 12. d5 a5 13. dxc6 bxc6 14. Bf3 Qb6 15.
Ba3 Rfd8 16. Qc2 Rac8 17. Rfd1 Nc5 18. Rab1 Na6 19. b4 Nxb4 20. Bxb4 axb4 21.
Na4 Qa5 22. Qb3 c5 23. Nb2 e4 24. Be2 Ra8 25. Ra1 Ne8 26. f3 exf3 27. Bxf3 Ra7
28. Nd3 Bf6 29. Rab1 Qxa2 30. Nf4 Qxb3 31. Rxb3 Ra2 32. Nd5 Rc2 33. Nb6 Ra2 34.
Nd5 Be5 35. Ne7+ Kf8 36. Nc6 Bf6 37. Nxd8 Bxd8 38. Be4 Bf6 39. Bc6 Be5 40. e4
Nf6 41. Bd5 Nxd5 42. exd5 Rc2 43. Rdd3 Rxc4 44. Kf2 Rc3 45. Ke2 Rxb3 46. Rxb3
Ke7 {Black later won. The remaining moves are unavailable.} 0-1

[Event "Mechanics' Fall TNM; G/2 d5"]
[Site "San Francisco"]
[Date "2017.12.12"]
[Round "8.20"]
[White "MacIntyre, Brendan"]
[Black "Rudyak, Felix"]
[Result "1-0"]
[WhiteElo "1560"]
[BlackElo "1964"]
[Annotator "Donaldson"]
[PlyCount "73"]
[EventDate "2017.??.??"]

1. d4 d5 2. c4 e6 3. Nc3 Nf6 4. Bf4 c5 5. e3 Nc6 6. Nf3 Be7 7. Bd3 cxd4 8. exd4
O-O 9. cxd5 exd5 (9... Nxd5) 10. O-O (10. h3) 10... Bg4 11. Be2 a6 12. h3 Bh5
13. Re1 b5 (13... Rc8) (13... Re8) 14. a3 b4 15. Na4 bxa3 16. bxa3 Ne4 17. Ne5
Bxe2 18. Rxe2 Nxe5 19. Bxe5 Rc8 20. Rc2 Qa5 $4 {Diagram [#]} 21. Qg4 $1 ({Or} 
21. Rxc8 Rxc8 22. Qg4) 21... g6 22. Rxc8 Qxa4 23. Rxf8+ Bxf8 24. Qf3 Be7 25.
Qe3 f6 26. Bc7 Qd7 27. Ba5 f5 28. Bb4 Bg5 29. Qe2 a5 30. Bxa5 Qa7 31. Bb4 Qxd4
32. Rd1 Qb6 33. Rxd5 Bh4 34. Be1 Qb1 35. Rd1 Qb3 36. Qd3 Qa2 37. Qd5+ 1-0

[Event "Mechanics' Fall TNM; G/2 d5"]
[Site "San Francisco"]
[Date "2017.10.31"]
[Round "2.28"]
[White "MacIntyre, Brendan"]
[Black "Rushton, Peter"]
[Result "1-0"]
[WhiteElo "1560"]
[BlackElo "1629"]
[PlyCount "43"]
[EventDate "2017.??.??"]

1. d4 d5 2. c4 Nf6 3. Nc3 e6 4. Bf4 Bb4 5. Nf3 dxc4 6. e3 b5 7. Qc2 O-O 8. Be2
Nc6 9. O-O a6 10. Rfd1 Bb7 11. Ne5 Bxc3 12. bxc3 Qd5 $4 13. Bf3 Qd8 14. Bxc6
Bxc6 15. Nxc6 Qd7 16. Ne5 Qd5 17. f3 Rad8 18. Bg5 c5 19. Bxf6 gxf6 20. Ng4 Qg5
21. Qe2 f5 22. Nf2 {and White went on to win.} 1-0

[Event "Mechanics' Summer TNM; G/2 d5"]
[Site "San Francisco"]
[Date "2017.07.18"]
[Round "8.17"]
[White "MacIntyre, Brendan"]
[Black "Vickers, Keith"]
[Result "0-1"]
[WhiteElo "1500"]
[BlackElo "2200"]
[Annotator "Donaldson"]
[PlyCount "82"]
[EventDate "2017.??.??"]

1. d4 f5 2. Nf3 e6 3. Nc3 Nf6 4. Bg5 d5 5. e3 Be7 6. Bd3 O-O 7. O-O b6 8. Rc1
c5 9. dxc5 bxc5 10. Ne5 Bb7 11. Re1 Nc6 12. Nxc6 Bxc6 13. Bb5 Bxb5 14. Nxb5 Qb6
15. Qe2 a6 16. Nc3 Qxb2 17. Na4 Qb5 18. Bxf6 Bxf6 19. Qxb5 axb5 20. Nxc5 Bc3
21. Re2 Kf7 22. Rb1 Rxa2 23. g3 b4 24. Nd3 Rb8 25. Kf1 Rba8 26. Kg2 (26. Nxb4
$2 Ra1) 26... Ra1 27. Rb3 R8a3 28. Nc5 Ke7 29. f4 Kd6 30. Nd3 Rxb3 31. cxb3 Rd1
32. Nf2 Rb1 33. Nd3 Rxb3 34. Rc2 e5 35. Kf2 e4 36. Nc1 Rb1 37. Ke2 Kc5 38. Kf2
Kc4 39. Ne2 Kb3 40. Rc1 Rxc1 41. Nxc1+ Kc2 0-1

[Event "Mechanics' Spring TNM; G/2"]
[Site "San Francisco"]
[Date "2017.04.04"]
[Round "4.26"]
[White "MacIntyre, Brendan"]
[Black "Warton, Philip"]
[Result "0-1"]
[WhiteElo "1502"]
[BlackElo "1799"]
[PlyCount "72"]
[EventDate "2017.??.??"]

1. d4 Nf6 2. c4 c5 3. e3 g6 4. Nf3 Bg7 5. Nc3 O-O 6. g3 d6 7. Bg2 Nc6 8. O-O
Bg4 9. Qd2 Nd7 10. h3 Bxf3 11. Bxf3 cxd4 12. Nb5 dxe3 13. Qxe3 Nde5 14. Be2 Nd7
15. Rb1 a6 16. Nc3 Qb6 17. Nd5 Qxe3 18. Bxe3 e6 19. Nb6 Nxb6 20. Bxb6 Bd4 21.
Bxd4 Nxd4 22. Rfe1 Rac8 23. Rbc1 e5 24. Kg2 Rfd8 25. Bd3 Kf8 26. h4 b5 27. cxb5
axb5 28. h5 Ra8 29. hxg6 hxg6 30. a3 b4 31. axb4 Rab8 32. f4 Rxb4 33. fxe5
Rxb2+ 34. Kh3 Nf3 35. Rf1 Rh2+ 36. Kg4 Nxe5+ 0-1

[Event "Mechanics' Summer TNM; G/2 d5"]
[Site "San Francisco"]
[Date "2017.06.06"]
[Round "3.41"]
[White "Macintyre, Brendan"]
[Black "Bayaraa, Timothy"]
[Result "1-0"]
[WhiteElo "1500"]
[BlackElo "687"]
[PlyCount "23"]
[EventDate "2017.??.??"]

1. d4 d5 2. c4 Nf6 3. Nc3 Nc6 4. Nf3 Bf5 5. a3 e6 6. Bf4 Bd6 7. Bxd6 Qxd6 8. e3
O-O 9. Be2 Bg4 10. O-O dxc4 11. Qa4 h5 12. Qxc4 {
White later won. Remaining moves not available.} 1-0

[Event "Mechanics' Summer TNM; G/2 d5"]
[Site "San Francisco"]
[Date "2017.05.30"]
[Round "2.30"]
[White "Malykin, Erika"]
[Black "Baer, Michael Alan"]
[Result "0-1"]
[WhiteElo "1612"]
[BlackElo "1306"]
[Annotator "Donaldson"]
[PlyCount "58"]
[EventDate "2017.??.??"]

1. e4 c5 2. Nf3 d6 3. Bb5+ Nc6 4. d4 (4. O-O) (4. Bxc6+ bxc6) 4... cxd4 5. Nxd4
(5. Qxd4 Bd7 6. Bxc6 Bxc6 7. Nc3 Nf6 8. Bg5 e6 9. O-O-O Be7 10. Rhe1 O-O 11.
Qd2) 5... Bd7 6. Nc3 a6 7. Nxc6 Bxc6 (7... bxc6 8. Bc4 e6) 8. Bc4 (8. Bxc6+
bxc6 9. O-O) 8... Nf6 9. f3 (9. Qe2) 9... e6 10. O-O Be7 11. Re1 O-O 12. e5
dxe5 13. Rxe5 Qb6+ (13... Qc7 14. Re1 Rfd8 (14... Rad8 15. Bd3 Bd6 16. h3 Nh5)
15. Bd3) 14. Kh1 Rad8 15. Qe1 Bd6 16. Re2 Qc7 17. Qh4 Be7 (17... Be5) 18. Bd3
g6 19. Bg5 Nd5 20. Nxd5 Bxg5 21. Nf6+ Bxf6 22. Qxf6 Rd5 23. Rae1 Rh5 (23... Bb5
) 24. f4 $2 {Diagram [#]} (24. Re5) 24... Bb5 $1 25. Bxb5 Rxb5 {With the bishop
s off White does not have a good way to defend the f-pawn without weakening
the kingside.} 26. c3 (26. g3 Qc6+ 27. Rg2 (27. Kg1 Qb6+ 28. Kg2 Rxb2) 27...
Rd5 28. Kg1 Rfd8 {with a big positional advantage.}) 26... Rf5 27. Qh4 Rxf4 28.
Qg3 Rc8 (28... Rd8 29. Rf2 Re4) 29. Re5 Qxe5 0-1

[Event "Mechanics' Fall TNM; G/2 d5"]
[Site "San Francisco"]
[Date "2017.12.12"]
[Round "8.21"]
[White "Malykin, Erika"]
[Black "Baterdene, Jonathan"]
[Result "1-0"]
[WhiteElo "1540"]
[BlackElo "1236"]
[Annotator "Donaldson"]
[PlyCount "69"]
[EventDate "2017.??.??"]

1. c4 e5 2. d3 Nf6 3. Bd2 c6 4. g3 d5 5. cxd5 cxd5 6. Bg2 Nc6 7. Nc3 Bb4 8. Nf3
Qa5 9. a3 Be7 10. O-O Qc7 11. Rc1 O-O 12. Bg5 Be6 13. Nd2 Rad8 14. b4 h6 $6 (
14... a6) (14... Qd7) 15. Bxf6 Bxf6 (15... gxf6) 16. b5 $1 Ne7 17. Nxd5 Qxc1
18. Nxf6+ gxf6 19. Qxc1 Ng6 20. Bxb7 Rb8 21. Bc6 Ne7 22. Ne4 Kg7 23. f4 Nxc6
24. bxc6 Rbc8 25. fxe5 fxe5 26. Qb2 f5 27. Qxe5+ Kh7 28. Qxe6 fxe4 29. Qxe4+
Kh8 30. Rxf8+ Rxf8 31. c7 a5 32. Qe5+ Kh7 33. Qe7+ Kg8 34. Qxf8+ Kxf8 35. c8=Q+
1-0